ELASTICITY THEORY APPLICATIONS AND NUMERICS / (Record no. 589828)
[ view plain ]
| 000 -LEADER | |
|---|---|
| fixed length control field | 00335nam a22001337a 4500 |
| 020 ## - INTERNATIONAL STANDARD BOOK NUMBER | |
| Qualifying information | HB. |
| 040 ## - CATALOGING SOURCE | |
| Transcribing agency | FIZZA ISHAQ |
| 082 ## - DEWEY DECIMAL CLASSIFICATION NUMBER | |
| Classification number | 686.2 |
| Author Mark | MAR |
| 100 ## - MAIN ENTRY--PERSONAL NAME | |
| Personal name | SADD,H.MARTIN. |
| 9 (RLIN) | 91679 |
| 245 ## - TITLE STATEMENT | |
| Title | ELASTICITY THEORY APPLICATIONS AND NUMERICS / |
| Statement of responsibility, etc. | MARTIN H.SADD. |
| 260 ## - PUBLICATION, DISTRIBUTION, ETC. | |
| Place of publication, distribution, etc. | ELSEVIER ; |
| Date of publication, distribution, etc. | 2014 P. ; |
| 300 ## - PHYSICAL DESCRIPTION | |
| Extent | 582 P. ; |
| 942 ## - ADDED ENTRY ELEMENTS (KOHA) | |
| Source of classification or shelving scheme | |
| Koha item type | Book |
| Withdrawn status | Lost status | Source of classification or shelving scheme | Damaged status | Not for loan | Permanent Location | Current Location | Date acquired | Total Checkouts | Full call number | Barcode | Date last seen | Price effective from | Koha item type |
|---|---|---|---|---|---|---|---|---|---|---|---|---|---|
| NUST Baluchistan Campus (NBC) | NUST Baluchistan Campus (NBC) | 05/19/2022 | 686.2 MAR | Q-4181 | 05/19/2022 | 05/19/2022 | Book |
